000 00689pam a22002414a 4500
008
020 _a1852333146 (pbk.)
049 _aMAIN
090 _aQA300
_bHOW
100 1 _aHowie, John M.
245 1 0 _aReal analysis /
_cJohn M. Howie.
260 _aLondon :
_bSpringer,
_cc2001.
300 _ax, 276 p. :
_bill. ;
_c24 cm.
440 0 _aSpringer undergraduate mathematics series.
504 _aIncludes bibliographical references.
500 _aIncludes index.
650 0 _aMathematical analysis.
907 _a.b10276920
_b10-06-13
_c13-05-10
003
005 20230123125021.0
040 _cNUST
942 _cBOOKS
_kQA300
_mHOW
999 _c134261
_d134261